[Event "Belgrade-chT2 Quality"]
[Site "Belgrade"]
[Date "2022.10.29"]
[Round "6.7"]
[White "Dolas, Sofija"]
[Black "Djordjevic, Dejan P"]
[Result "1/2-1/2"]
[WhiteElo "1769"]
[BlackElo "1960"]
[PlyCount "73"]
[EventDate "2022.10.15"]
[EventType "team-tourn"]
[EventRounds "13"]
[EventCountry "SRB"]
[SourceTitle "EXT 2024"]
[Source "ChessBase"]
[SourceDate "2023.10.10"]
[SourceVersion "1"]
[SourceVersionDate "2023.10.10"]
[SourceQuality "1"]
[WhiteTeam "Zemun"]
[BlackTeam "Zvezdara Cirilo i Metodije"]
[WhiteTeamCountry "SRB"]
[BlackTeamCountry "SRB"]

1. d4 d5 2. c4 e6 3. Nf3 Nf6 4. Bg5 Be7 5. Nc3 0-0 6. e3 a6 7. Bxf6 Bxf6 8. a4 b6 9. Rc1 Bb7 10. cxd5 exd5 11. Bd3 Nd7 12. Qc2 h6 13. 0-0 c5 14. b3 Qb8 15. Ne2 Rc8 16. Qd2 Nf8 17. Rc2 Ne6 18. Rfc1 Qd6 19. Bf5 a5 20. Nf4 Rc7 21. Nd3 cxd4 22. Bxe6 Rxc2 23. Bxf7+ Kxf7 24. Rxc2 dxe3 25. Qxe3 Re8 26. Qc1 Re7 27. h3 d4 28. Nd2 Bg5 29. Nc4 Qf6 30. Qd1 Kg8 31. Qg4 Be4 32. Ncb2 Bf5 33. Qf3 Qg6 34. Re2 Rxe2 35. Qxe2 Qe6 36. Qxe6+ Bxe6 37. Nc4 1/2-1/2

[Event "Belgrade-chT Quality"]
[Site "Belgrade"]
[Date "2021.11.14"]
[Round "10.6"]
[White "Dolas, Sofija"]
[Black "Djordjevic, Dragan"]
[Result "0-1"]
[WhiteElo "1675"]
[BlackElo "2173"]
[PlyCount "38"]
[EventDate "2021.10.16"]
[EventType "team-tourn"]
[EventRounds "11"]
[EventCountry "SRB"]
[SourceTitle "EXT 2023"]
[Source "ChessBase"]
[SourceDate "2022.10.05"]
[SourceVersion "1"]
[SourceVersionDate "2022.10.05"]
[SourceQuality "1"]
[WhiteTeam "Belgrade Zemun"]
[BlackTeam "Belgrade Mladenovac"]
[WhiteTeamCountry "SRB"]
[BlackTeamCountry "SRB"]

1. d4 d6 2. c4 Nd7 3. Nc3 c6 4. e4 e5 5. Nf3 Qc7 6. Be3 Be7 7. Bd3 Ngf6 8. 0-0 Nf8 9. h3 Ng6 10. Qc2 Bd7 11. a3 Rd8 12. Qb3 Nh5 13. dxe5 dxe5 14. Bxa7 b5 15. Be3 Bxh3 16. Rad1 Bxg2 17. Kxg2 Ngf4+ 18. Bxf4 Nxf4+ 19. Kh2 Qc8 0-1

[Event "Belgrade-chT Quality"]
[Site "Belgrade"]
[Date "2021.10.30"]
[Round "6.7"]
[White "Dolas, Sofija"]
[Black "Strugar, Janko"]
[Result "1/2-1/2"]
[WhiteElo "1675"]
[BlackElo "2067"]
[PlyCount "55"]
[EventDate "2021.10.16"]
[EventType "team-tourn"]
[EventRounds "11"]
[EventCountry "SRB"]
[SourceTitle "EXT 2023"]
[Source "ChessBase"]
[SourceDate "2022.10.05"]
[SourceVersion "1"]
[SourceVersionDate "2022.10.05"]
[SourceQuality "1"]
[WhiteTeam "Belgrade Zemun"]
[BlackTeam "Belgrade Zemun Teleoptic"]
[WhiteTeamCountry "SRB"]
[BlackTeamCountry "SRB"]

1. d4 d5 2. c4 c6 3. Nf3 Nf6 4. Nc3 e6 5. Bg5 h6 6. Bxf6 Qxf6 7. e3 Nd7 8. Qc2 g6 9. Bd3 dxc4 10. Bxc4 Bg7 11. Ne4 Qe7 12. 0-0 0-0 13. a3 b6 14. Rac1 Bb7 15. Rfd1 a5 16. Nc3 Rac8 17. e4 Rfd8 18. e5 c5 19. d5 exd5 20. Nxd5 Bxd5 21. Bxd5 Nxe5 22. Nxe5 Qxe5 23. Bc4 Qf6 24. b3 Rxd1+ 25. Rxd1 Rd8 26. Rf1 Rd4 27. Re1 Qd6 28. Qe2 1/2-1/2

[Event "Belgrade-chT Quality"]
[Site "Belgrade"]
[Date "2021.10.23"]
[Round "3.6"]
[White "Dolas, Sofija"]
[Black "Djordjevic, Dejan P"]
[Result "1/2-1/2"]
[WhiteElo "1675"]
[BlackElo "1960"]
[PlyCount "91"]
[EventDate "2021.10.16"]
[EventType "team-tourn"]
[EventRounds "11"]
[EventCountry "SRB"]
[SourceTitle "EXT 2023"]
[Source "ChessBase"]
[SourceDate "2022.10.05"]
[SourceVersion "1"]
[SourceVersionDate "2022.10.05"]
[SourceQuality "1"]
[WhiteTeam "Belgrade Zemun"]
[BlackTeam "Belgrade Cirilo i Metodije"]
[WhiteTeamCountry "SRB"]
[BlackTeamCountry "SRB"]

1. d4 Nf6 2. c4 g6 3. f3 Bg7 4. e4 d6 5. Nc3 0-0 6. Be3 e5 7. d5 Ne8 8. Qd2 f5 9. g3 b6 10. 0-0-0 a5 11. h4 Bf6 12. exf5 gxf5 13. Bd3 Na6 14. h5 Bd7 15. Nh3 Qe7 16. Rdg1 Nc5 17. Bxf5 Bxf5 18. g4 Bd7 19. g5 Bh8 20. g6 Bf6 21. gxh7+ Kh8 22. Bh6 Ng7 23. Qg2 Bf5 24. Ng5 a4 25. Nce4 Bxe4 26. Nxe4 Nxe4 27. fxe4 Rfc8 28. Rh3 Rf8 29. Rf3 Rf7 30. Qg6 Raf8 31. Be3 Qd7 32. h6 Qe7 33. hxg7+ Rxg7 34. Qh5 Rxg1+ 35. Bxg1 Bg5+ 36. Kc2 Rxf3 37. Qxf3 Qxh7 38. Qf8+ Qg8 39. Qxg8+ Kxg8 40. Kc3 Bc1 41. Kb4 Bxb2 42. Kxa4 Kf7 43. Kb5 Ke7 44. Be3 Kd7 45. Bd2 Bd4 46. a4 1/2-1/2

[Event "SRB-ch U18 Girls"]
[Site "Subotica"]
[Date "2021.05.07"]
[Round "6"]
[White "Dolas, Sofija"]
[Black "Vidanovic, Branka"]
[Result "1-0"]
[WhiteElo "1677"]
[BlackElo "1302"]
[PlyCount "105"]
[EventDate "2021.05.03"]
[EventType "swiss"]
[EventRounds "9"]
[EventCountry "SRB"]
[SourceTitle "EXT 2022"]
[Source "ChessBase"]
[SourceDate "2021.10.06"]
[SourceVersion "1"]
[SourceVersionDate "2021.10.06"]
[SourceQuality "1"]

1. d4 d5 2. c4 c6 3. Nc3 Nf6 4. Bg5 Nbd7 5. e3 e6 6. Nf3 Qa5 7. Nd2 dxc4 8. Bxf6 Nxf6 9. Bxc4 Bb4 10. Qc2 Nd5 11. Nce4 Bxd2+ 12. Qxd2 Qxd2+ 13. Nxd2 Nb4 14. 0-0 0-0 15. Nf3 b5 16. Bb3 a5 17. a4 Ba6 18. Rfd1 bxa4 19. Bxa4 Be2 20. Rdc1 Bxf3 21. gxf3 Rfc8 22. Rc3 Ra7 23. Kf1 Kf8 24. Ke2 Ke7 25. Rc5 Kd6 26. f4 Nd5 27. Rac1 Ra6 28. Kf3 Nb4 29. R1c3 Nd5 30. Rc1 Nb4 31. Ke2 Na2 32. Rg1 g6 33. e4 Rb6 34. b3 Ra6 35. Ra1 Nb4 36. Bb5 Ra7 37. Bc4 Nc2 38. Raxa5 Nxd4+ 39. Kd3 Rxa5 40. Rxa5 Nf3 41. h3 Ng1 42. h4 Nf3 43. h5 Ne1+ 44. Ke2 Nc2 45. Kf3 Nd4+ 46. Ke3 Nc2+ 47. Kd3 Nb4+ 48. Kc3 c5 49. Ra7 Rc7 50. e5+ Kd7 51. Bb5+ Kd8 52. Ra8+ Ke7 53. Re8# 1-0